Kubrick Quotes to Character - Statistics

General Stats
  • This quiz has been taken 111 times
  • The average score is 5 of 10
Answer Stats
Quote Character % Correct
"Using Ludwig van like that! He did no harm to anyone. Beethoven just wrote music!" Alex DeLarge
91%
"No 9000 computer has ever made a mistake or distorted information. We are all, by any practical definition of the words, foolproof and incapable of error." HAL-9000
78%
"I'm not gonna hurt ya. I'm just going to bash your brains in." Jack Torrance
78%
"Captain Feeny, that's all the money my mother had in the world. Mightn't I be allowed to keep it? I'm just one step ahead of the law myself. I killed an English officer in a duel, and I'm on my way to Dublin until things cool down." Barry Lyndon (Redmond Barry)
64%
"When a free man dies, he loses the pleasure of life. A slave loses his pain. Death is the only freedom a slave knows. That's why he's not afraid of it." Spartacus
55%
"I do love you and you know there is something very important we need to do as soon as possible. [...]" (You may enter the actor's or actress' name) Alice Harford
42%
"You will be a minister of death praying for war. But until that day you are pukes. You are the lowest form of life on Earth." Sgt. Gunnery Hartman
41%
"Well, you haven't even kissed me yet, have you?" Lolita Haze
39%
"Mandrake, have you ever seen a Commie drink a glass of water?" General Jack D. Ripper
37%
"I apologize... for not being entirely honest with you. I apologize for not revealing my true feelings. I apologize, sir, for not telling you sooner that you're a degenerate, sadistic old man. And you can go to hell before I apologize to you now or ever again!" Col. Dax
16%
No matching quizzes found
Score Distribution
Percent of People with Each Score
Percentile by Number Answered
Your Score History
You have not taken this quiz